[Event "polanica2018-C"]
[Site "?"]
[Date "2018.08.22"]
[Round "5.9"]
[White "Jurkiewicz, Joanna"]
[Black "Czuchnicki, Adam"]
[Result "1-0"]
[BlackElo "1922"]
[WhiteElo "1663"]
[LiveChessVersion "1.4.8"]

1. e4 {[%clk 1:30:57]} c5 {[%clk 1:30:19]} 2. Nf3 {[%clk 1:31:20]} d6
{[%clk 1:30:47]} 3. d4 {[%clk 1:31:43]} cxd4 {[%clk 1:31:08]} 4. Nxd4
{[%clk 1:32:07]} Nf6 {[%clk 1:31:27]} 5. Nc3 {[%clk 1:32:28]} a6 {[%clk 1:31:49]}
6. a4 {[%clk 1:32:29]} e5 {[%clk 1:32:06]} 7. Nb3 {[%clk 1:32:27]} Be7
{[%clk 1:31:57]} 8. Be2 {[%clk 1:31:24]} Be6 {[%clk 1:30:01]} 9. Be3
{[%clk 1:29:16]} O-O {[%clk 1:28:55]} 10. O-O {[%clk 1:27:49]} Nbd7
{[%clk 1:26:47]} 11. a5 {[%clk 1:21:05]} Rc8 {[%clk 1:25:09]} 12. f3
{[%clk 1:09:31]} Qc7 {[%clk 1:21:07]} 13. Bd3 {[%clk 1:04:12]} Qc6
{[%clk 1:19:17]} 14. Qe1 {[%clk 1:00:06]} d5 {[%clk 1:14:45]} 15. exd5
{[%clk 0:56:43]} Nxd5 {[%clk 1:14:59]} 16. Nxd5 {[%clk 0:56:42]} Bxd5
{[%clk 1:15:07]} 17. Kh1 {[%clk 0:50:38]} Qe6 {[%clk 1:08:39]} 18. Nd2
{[%clk 0:41:30]} f5 {[%clk 1:04:57]} 19. c4 {[%clk 0:35:58]} Bc6 {[%clk 1:04:25]}
20. Nb3 {[%clk 0:27:22]} Kh8 {[%clk 1:03:18]} 21. Bf2 {[%clk 0:26:06]} g5
{[%clk 1:02:36]} 22. Nd4 {[%clk 0:25:34]} Qg6 {[%clk 1:01:29]} 23. Nxc6
{[%clk 0:25:01]} Qxc6 {[%clk 1:01:03]} 24. b3 {[%clk 0:24:36]} Qf6
{[%clk 1:00:53]} 25. Bc2 {[%clk 0:23:34]} Nc5 {[%clk 0:59:32]} 26. Qc3
{[%clk 0:23:10]} Rfd8 {[%clk 0:56:21]} 27. Rad1 {[%clk 0:23:10]} Ne6
{[%clk 0:55:10]} 28. Rxd8+ {[%clk 0:22:51]} Rxd8 {[%clk 0:54:50]} 29. Bb6
{[%clk 0:22:09]} Rd7 {[%clk 0:54:26]} 30. b4 {[%clk 0:22:04]} Nd4
{[%clk 0:54:07]} 31. Ba4 {[%clk 0:22:12]} Nc6 {[%clk 0:52:04]} 32. Bxc6
{[%clk 0:21:55]} bxc6 {[%clk 0:52:16]} 33. Re1 {[%clk 0:20:55]} e4
{[%clk 0:50:23]} 34. Qxf6+ {[%clk 0:20:11]} Bxf6 {[%clk 0:50:50]} 35. fxe4
{[%clk 0:20:04]} fxe4 {[%clk 0:49:07]} 36. g3 {[%clk 0:20:08]} Bc3
{[%clk 0:48:00]} 37. Rxe4 {[%clk 0:20:11]} Bxb4 {[%clk 0:48:00]} 38. Re6
{[%clk 0:20:05]} Rd6 {[%clk 0:39:51]} 39. Re8+ {[%clk 0:17:24]} Kg7
{[%clk 0:38:32]} 40. Ra8 {[%clk 0:17:29]} Rd1+ {[%clk 0:31:32]} 41. Kg2
{[%clk 0:17:52]} Rc1 {[%clk 0:29:38]} 42. Rxa6 {[%clk 0:16:23]} Rxc4
{[%clk 0:28:20]} 43. Ra7+ {[%clk 0:16:21]} Kg6 {[%clk 0:28:43]} 44. a6
{[%clk 0:16:22]} Bc5 {[%clk 0:27:04]} 45. Bxc5 {[%clk 0:15:14]} Rxc5
{[%clk 0:27:32]} 46. Rc7 {[%clk 0:15:31]} Rc2+ {[%clk 0:27:13]} 47. Kf3
{[%clk 0:14:56]} Rxh2 {[%clk 0:24:59]} 48. a7 {[%clk 0:15:00]} Ra2
{[%clk 0:25:01]} 49. Rxc6+ {[%clk 0:15:20]} Kf5 {[%clk 0:23:41]} 50. g4+
{[%clk 0:14:20]} Ke5 {[%clk 0:24:07]} 51. Rc5+ {[%clk 0:12:39]} Kd6
{[%clk 0:23:56]} 52. Rxg5 {[%clk 0:12:53]} 1-0

[Event "polanica2018-C"]
[Site "?"]
[Date "2018.08.22"]
[Round "5.10"]
[White "Szydelko, Michal"]
[Black "Sobczynski, Roman"]
[Result "1-0"]
[BlackElo "1915"]
[WhiteElo "1642"]
[LiveChessVersion "1.4.8"]

1. e4 {[%clk 1:30:57]} c5 {[%clk 1:30:52]} 2. c3 {[%clk 1:31:12]} Nf6
{[%clk 1:28:39]} 3. e5 {[%clk 1:30:52]} Nd5 {[%clk 1:29:02]} 4. Nf3
{[%clk 1:31:08]} e6 {[%clk 1:28:29]} 5. Bc4 {[%clk 1:31:13]} Nb6 {[%clk 1:28:17]}
6. Bb3 {[%clk 1:31:33]} Be7 {[%clk 1:09:39]} 7. d4 {[%clk 1:30:06]} O-O
{[%clk 1:02:33]} 8. O-O {[%clk 1:30:05]} Qc7 {[%clk 1:00:45]} 9. Be3
{[%clk 1:28:38]} d6 {[%clk 0:54:09]} 10. exd6 {[%clk 1:25:21]} Bxd6
{[%clk 0:54:14]} 11. dxc5 {[%clk 1:12:49]} Bxc5 {[%clk 0:54:35]} 12. Bxc5
{[%clk 1:12:57]} Qxc5 {[%clk 0:54:57]} 13. Nbd2 {[%clk 1:13:13]} Rd8
{[%clk 0:32:49]} 14. Bc2 {[%clk 0:46:22]} Na6 {[%clk 0:29:05]} 15. Qe2
{[%clk 0:44:50]} Qh5 {[%clk 0:21:52]} 16. Ne4 {[%clk 0:38:49]} Bd7
{[%clk 0:20:24]} 17. Ng3 {[%clk 0:34:33]} Qh6 {[%clk 0:18:45]} 18. Ne5
{[%clk 0:31:01]} Be8 {[%clk 0:19:06]} 19. f4 {[%clk 0:29:08]} Nd5
{[%clk 0:17:46]} 20. Ng4 {[%clk 0:19:43]} Qh4 {[%clk 0:17:12]} 21. f5
{[%clk 0:19:25]} Bd7 {[%clk 0:08:04]} 22. Qf3 {[%clk 0:05:09]} Nac7
{[%clk 0:04:21]} 23. Qe4 {[%clk 0:04:04]} exf5 {[%clk 0:02:20]} 24. Nxf5
{[%clk 0:04:17]} Bxf5 {[%clk 0:01:02]} 25. Qxf5 {[%clk 0:04:47]} Rf8
{[%clk 0:01:22]} 26. g3 {[%clk 0:04:01]} g6 {[%clk 0:00:56]} 27. Qxd5
{[%clk 0:00:33]} Qxg4 {[%clk 0:01:01]} 28. Qxb7 {[%clk 0:00:55]} Ne6
{[%clk 0:00:59]} 29. Bb3 {[%clk 0:00:40]} Ng5 {[%clk 0:01:09]} 30. Qg2
{[%clk 0:00:32]} Nh3+ {[%clk 0:00:43]} 31. Kh1 {[%clk 0:00:58]} Ng5
{[%clk 0:00:43]} 32. Rf4 {[%clk 0:01:13]} Qd7 {[%clk 0:00:53]} 33. Raf1
{[%clk 0:01:27]} Rae8 {[%clk 0:01:03]} 34. Ba4 {[%clk 0:01:35]} Qd3
{[%clk 0:00:34]} 35. Bxe8 {[%clk 0:01:44]} Rxe8 {[%clk 0:01:00]} 36. h4
{[%clk 0:01:01]} Ne4 {[%clk 0:01:11]} 37. R4f3 {[%clk 0:00:38]} Qd6
{[%clk 0:01:30]} 38. Kh2 {[%clk 0:00:37]} f5 {[%clk 0:01:51]} 39. Re1
{[%clk 0:00:33]} Rd8 {[%clk 0:01:46]} 40. Qe2 {[%clk 0:00:37]} Qc5
{[%clk 0:01:43]} 41. Rd1 {[%clk 0:00:36]} Re8 {[%clk 0:01:49]} 42. Rd4
{[%clk 0:01:00]} Qe5 {[%clk 0:00:00]} 1-0

[Event "polanica2018-C"]
[Site "?"]
[Date "2018.08.23"]
[Round "6.1"]
[White "Talik, Patryk"]
[Black "Trzebinski, Patryk"]
[Result "1-0"]
[BlackElo "1629"]
[WhiteElo "1973"]
[LiveChessVersion "1.4.8"]

1. d4 {[%clk 1:17:37]} Nf6 {[%clk 1:30:40]} 2. c4 {[%clk 1:16:57]} e5
{[%clk 1:29:17]} 3. e3 {[%clk 1:13:53]} exd4 {[%clk 1:29:20]} 4. exd4
{[%clk 1:14:14]} d5 {[%clk 1:29:28]} 5. Nc3 {[%clk 1:10:10]} Nc6 {[%clk 1:28:53]}
6. c5 {[%clk 1:04:07]} Be7 {[%clk 1:28:47]} 7. Bf4 {[%clk 1:04:01]} Bg4
{[%clk 1:28:03]} 8. f3 {[%clk 1:01:02]} Bf5 {[%clk 1:27:33]} 9. Bd3
{[%clk 0:57:43]} Bxd3 {[%clk 1:25:10]} 10. Qxd3 {[%clk 0:57:57]} O-O
{[%clk 1:23:59]} 11. a3 {[%clk 0:56:56]} Nh5 {[%clk 1:23:36]} 12. Bd2
{[%clk 0:46:56]} Na5 {[%clk 1:19:57]} 13. Qf5 {[%clk 0:41:54]} Nb3
{[%clk 1:16:54]} 14. Rd1 {[%clk 0:39:44]} g6 {[%clk 1:16:57]} 15. Qd3
{[%clk 0:14:30]} Nxd2 {[%clk 1:15:53]} 16. Kxd2 {[%clk 0:14:47]} Nf4
{[%clk 1:12:51]} 17. Qf1 {[%clk 0:14:07]} Bg5 {[%clk 1:11:04]} 18. Kc2
{[%clk 0:13:52]} Re8 {[%clk 1:10:00]} 19. g3 {[%clk 0:14:02]} Nh5
{[%clk 1:08:48]} 20. f4 {[%clk 0:09:31]} Bf6 {[%clk 1:08:18]} 21. g4
{[%clk 0:09:05]} Ng7 {[%clk 1:08:40]} 22. Qf3 {[%clk 0:07:29]} c6
{[%clk 1:07:56]} 23. h4 {[%clk 0:07:46]} h5 {[%clk 1:06:59]} 24. gxh5
{[%clk 0:06:59]} Nxh5 {[%clk 1:07:20]} 25. f5 {[%clk 0:07:08]} Ng7
{[%clk 1:03:14]} 26. fxg6 {[%clk 0:07:30]} fxg6 {[%clk 1:03:35]} 27. Nge2
{[%clk 0:07:33]} Nf5 {[%clk 1:02:59]} 28. Rdg1 {[%clk 0:06:53]} Re3
{[%clk 1:00:23]} 29. Qxf5 {[%clk 0:07:11]} Bg7 {[%clk 0:59:07]} 30. Rxg6
{[%clk 0:07:13]} Qe8 {[%clk 0:58:30]} 31. Rxg7+ {[%clk 0:07:07]} Kxg7
{[%clk 0:58:51]} 32. Rg1+ {[%clk 0:07:30]} Kh8 {[%clk 0:58:58]} 33. Qf6+
{[%clk 0:07:55]} Kh7 {[%clk 0:59:20]} 34. Qg7# {[%clk 0:08:19]} 1-0

[Event "polanica2018-C"]
[Site "?"]
[Date "2018.08.23"]
[Round "6.2"]
[White "Zianowicz, Dominik"]
[Black "Andrushchiak, Maxim"]
[Result "1-0"]
[BlackElo "1788"]
[WhiteElo "1950"]
[LiveChessVersion "1.4.8"]

1. d4 {[%clk 1:30:46]} Nf6 {[%clk 1:30:47]} 2. c4 {[%clk 1:31:09]} c5
{[%clk 1:31:03]} 3. d5 {[%clk 1:31:32]} b5 {[%clk 1:31:26]} 4. cxb5
{[%clk 1:31:56]} a6 {[%clk 1:31:50]} 5. b6 {[%clk 1:32:09]} e6 {[%clk 1:26:07]}
6. Nc3 {[%clk 1:31:58]} Qxb6 {[%clk 1:24:29]} 7. e4 {[%clk 1:32:22]} exd5
{[%clk 1:21:35]} 8. exd5 {[%clk 1:32:40]} Be7 {[%clk 1:20:46]} 9. Nf3
{[%clk 1:27:41]} O-O {[%clk 1:20:43]} 10. Be2 {[%clk 1:24:40]} d6
{[%clk 1:17:05]} 11. Nd2 {[%clk 1:24:49]} Nbd7 {[%clk 1:14:30]} 12. Nc4
{[%clk 1:24:58]} Qd8 {[%clk 1:14:39]} 13. a4 {[%clk 1:23:04]} Nb6
{[%clk 1:14:39]} 14. a5 {[%clk 1:23:16]} Nxc4 {[%clk 1:14:05]} 15. Bxc4
{[%clk 1:23:34]} Bg4 {[%clk 1:08:29]} 16. Qd3 {[%clk 1:23:01]} Nd7
{[%clk 1:04:52]} 17. f4 {[%clk 1:15:31]} Bh4+ {[%clk 1:04:11]} 18. g3
{[%clk 1:15:40]} Re8+ {[%clk 1:03:40]} 19. Kf2 {[%clk 1:15:39]} Bf6
{[%clk 1:03:45]} 20. h3 {[%clk 1:14:08]} Bd4+ {[%clk 1:03:37]} 21. Kg2
{[%clk 1:14:15]} Bh5 {[%clk 0:58:52]} 22. g4 {[%clk 1:14:11]} Bg6
{[%clk 0:51:40]} 23. f5 {[%clk 1:14:34]} Ne5 {[%clk 0:51:59]} 24. Qf1
{[%clk 1:12:41]} Bxf5 {[%clk 0:51:29]} 25. gxf5 {[%clk 1:12:57]} Qh4
{[%clk 0:51:33]} 26. Be2 {[%clk 1:06:06]} Rab8 {[%clk 0:48:43]} 27. Ra2
{[%clk 0:31:04]} Rb4 {[%clk 0:35:06]} 28. Qe1 {[%clk 0:23:03]} Qe7
{[%clk 0:34:31]} 29. Qg3 {[%clk 0:22:14]} f6 {[%clk 0:26:51]} 30. Bxa6
{[%clk 0:16:51]} Qf7 {[%clk 0:20:01]} 31. Ra3 {[%clk 0:13:00]} Bxc3
{[%clk 0:15:42]} 32. Rxc3 {[%clk 0:13:13]} Qxd5+ {[%clk 0:16:04]} 33. Kh2
{[%clk 0:13:19]} c4 {[%clk 0:16:10]} 34. Rg1 {[%clk 0:12:12]} Qxa5
{[%clk 0:11:29]} 35. Qxg7# {[%clk 0:12:31]} 1-0

[Event "polanica2018-C"]
[Site "?"]
[Date "2018.08.23"]
[Round "6.3"]
[White "Hasterok, Mateusz"]
[Black "Mike, Patryk"]
[Result "1/2-1/2"]
[BlackElo "1981"]
[WhiteElo "1868"]
[LiveChessVersion "1.4.8"]

1. d4 {[%clk 1:30:53]} Nf6 {[%clk 1:30:47]} 2. c4 {[%clk 1:31:17]} e6
{[%clk 1:31:07]} 3. Nc3 {[%clk 1:31:37]} Bb4 {[%clk 1:31:23]} 4. f3
{[%clk 1:31:56]} d5 {[%clk 1:31:24]} 5. a3 {[%clk 1:32:20]} Bxc3+
{[%clk 1:31:22]} 6. bxc3 {[%clk 1:32:44]} c5 {[%clk 1:31:15]} 7. cxd5
{[%clk 1:32:49]} exd5 {[%clk 1:31:01]} 8. e3 {[%clk 1:32:22]} c4 {[%clk 1:30:43]}
9. e4 {[%clk 1:13:08]} Nc6 {[%clk 1:05:28]} 10. exd5 {[%clk 0:59:11]} Qxd5
{[%clk 0:50:07]} 11. Ne2 {[%clk 0:59:07]} Qa5 {[%clk 0:41:32]} 12. Bd2
{[%clk 0:53:06]} O-O {[%clk 0:35:16]} 13. Ng3 {[%clk 0:44:00]} Be6
{[%clk 0:29:53]} 14. Be2 {[%clk 0:40:14]} Bd5 {[%clk 0:28:35]} 15. O-O
{[%clk 0:38:23]} Rfe8 {[%clk 0:25:10]} 16. Re1 {[%clk 0:36:22]} Qc7
{[%clk 0:23:29]} 17. Qc2 {[%clk 0:30:07]} Na5 {[%clk 0:19:46]} 18. Rab1
{[%clk 0:27:31]} Nb3 {[%clk 0:19:40]} 19. Bg5 {[%clk 0:25:53]} Qc6
{[%clk 0:17:37]} 20. Bf1 {[%clk 0:21:45]} h6 {[%clk 0:15:06]} 21. Bf4
{[%clk 0:21:32]} b5 {[%clk 0:13:43]} 22. Nf5 {[%clk 0:20:37]} Be6
{[%clk 0:13:28]} 23. Nd6 {[%clk 0:20:17]} Red8 {[%clk 0:12:52]} 24. Ne4
{[%clk 0:20:17]} Nd5 {[%clk 0:12:48]} 25. Bd2 {[%clk 0:13:41]} Bf5
{[%clk 0:12:38]} 26. Rxb3 {[%clk 0:13:23]} cxb3 {[%clk 0:12:39]} 27. Qxb3
{[%clk 0:13:49]} a6 {[%clk 0:11:17]} 28. Nc5 {[%clk 0:13:35]} Bg6
{[%clk 0:07:34]} 29. a4 {[%clk 0:11:41]} bxa4 {[%clk 0:07:33]} 30. Qxa4
{[%clk 0:11:49]} Qxa4 {[%clk 0:07:04]} 31. Nxa4 {[%clk 0:12:13]} a5
{[%clk 0:05:31]} 32. c4 {[%clk 0:11:27]} Nb4 {[%clk 0:05:45]} 33. d5
{[%clk 0:11:50]} 1/2-1/2

[Event "polanica2018-C"]
[Site "?"]
[Date "2018.08.23"]
[Round "6.4"]
[White "Adamczewski, Jedrzej"]
[Black "Majocha, Piotr"]
[Result "0-1"]
[BlackElo "1801"]
[WhiteElo "1930"]
[LiveChessVersion "1.4.8"]

1. d4 {[%clk 1:30:55]} Nf6 {[%clk 1:30:54]} 2. c4 {[%clk 1:31:21]} g6
{[%clk 1:30:56]} 3. Nc3 {[%clk 1:31:45]} d5 {[%clk 1:31:23]} 4. Nf3
{[%clk 1:32:10]} Bg7 {[%clk 1:31:50]} 5. h4 {[%clk 1:32:36]} dxc4
{[%clk 1:29:25]} 6. e4 {[%clk 1:32:55]} c5 {[%clk 1:27:46]} 7. d5
{[%clk 1:33:12]} Bg4 {[%clk 1:24:49]} 8. Qa4+ {[%clk 1:25:43]} Nfd7
{[%clk 1:22:56]} 9. Nd2 {[%clk 1:23:52]} O-O {[%clk 1:21:09]} 10. Bxc4
{[%clk 1:19:16]} Nb6 {[%clk 1:18:08]} 11. Qc2 {[%clk 1:19:15]} Nxc4
{[%clk 1:16:57]} 12. Nxc4 {[%clk 1:19:40]} Na6 {[%clk 0:59:10]} 13. f3
{[%clk 1:17:45]} Bd7 {[%clk 0:58:10]} 14. a4 {[%clk 1:14:05]} Nb4
{[%clk 0:57:22]} 15. Qe2 {[%clk 1:13:04]} Qc7 {[%clk 0:56:05]} 16. Be3
{[%clk 1:05:48]} Bd4 {[%clk 0:37:39]} 17. O-O-O {[%clk 0:55:03]} Bxa4
{[%clk 0:33:07]} 18. Nxa4 {[%clk 0:51:40]} b5 {[%clk 0:32:11]} 19. h5
{[%clk 0:26:33]} bxc4 {[%clk 0:30:43]} 20. hxg6 {[%clk 0:16:01]} fxg6
{[%clk 0:29:46]} 21. Rxd4 {[%clk 0:07:06]} cxd4 {[%clk 0:29:25]} 22. Bxd4
{[%clk 0:07:35]} Nd3+ {[%clk 0:28:50]} 23. Kb1 {[%clk 0:07:26]} Rab8
{[%clk 0:19:47]} 24. Qd2 {[%clk 0:06:17]} Qf4 {[%clk 0:18:12]} 25. Qa5
{[%clk 0:06:31]} Qd6 {[%clk 0:08:04]} 26. Qd2 {[%clk 0:05:47]} Rf7
{[%clk 0:06:00]} 27. Qa5 {[%clk 0:05:38]} Rb7 {[%clk 0:01:19]} 28. Bc3
{[%clk 0:04:27]} Rf8 {[%clk 0:01:14]} 29. Bd4 {[%clk 0:02:33]} Rfb8
{[%clk 0:00:42]} 30. e5 {[%clk 0:01:58]} Qa3 {[%clk 0:00:34]} 31. Qd2
{[%clk 0:00:39]} Qxa4 {[%clk 0:00:51]} 32. Qh6 {[%clk 0:00:43]} Rxb2+
{[%clk 0:01:17]} 0-1

[Event "polanica2018-C"]
[Site "?"]
[Date "2018.08.23"]
[Round "6.9"]
[White "Hryn, Aleksandra"]
[Black "Podgorski, Maciej"]
[Result "0-1"]
[BlackElo "1831"]
[WhiteElo "1688"]
[LiveChessVersion "1.4.8"]

1. e4 {[%clk 1:30:58]} c5 {[%clk 1:30:47]} 2. Nf3 {[%clk 1:31:21]} d6
{[%clk 1:31:05]} 3. d4 {[%clk 1:31:40]} cxd4 {[%clk 1:31:22]} 4. Nxd4
{[%clk 1:32:00]} Nf6 {[%clk 1:31:27]} 5. f3 {[%clk 1:31:59]} e5 {[%clk 1:31:31]}
6. Nb3 {[%clk 1:31:45]} d5 {[%clk 1:28:16]} 7. Bg5 {[%clk 1:30:12]} d4
{[%clk 1:27:09]} 8. c3 {[%clk 1:28:27]} Nc6 {[%clk 1:25:17]} 9. Bb5
{[%clk 1:11:34]} h6 {[%clk 1:17:40]} 10. Bxf6 {[%clk 1:06:07]} Qxf6
{[%clk 1:17:56]} 11. O-O {[%clk 0:58:43]} Bd7 {[%clk 1:15:34]} 12. cxd4
{[%clk 0:51:11]} exd4 {[%clk 1:12:23]} 13. Na3 {[%clk 0:46:32]} Bd6
{[%clk 1:04:11]} 14. Nc4 {[%clk 0:43:44]} Bc7 {[%clk 0:55:57]} 15. Bxc6
{[%clk 0:35:10]} Bxc6 {[%clk 0:47:05]} 16. Qxd4 {[%clk 0:31:22]} Qg6
{[%clk 0:43:46]} 17. Kh1 {[%clk 0:27:45]} O-O {[%clk 0:42:37]} 18. Qe3
{[%clk 0:24:05]} Rfe8 {[%clk 0:37:30]} 19. Nd4 {[%clk 0:19:51]} Bxe4
{[%clk 0:31:59]} 20. fxe4 {[%clk 0:18:15]} Rxe4 {[%clk 0:31:37]} 21. Qf2
{[%clk 0:17:47]} Qh5 {[%clk 0:26:04]} 22. h3 {[%clk 0:16:01]} Qd5
{[%clk 0:15:34]} 23. Ne3 {[%clk 0:14:33]} Qxd4 {[%clk 0:15:26]} 24. Qxf7+
{[%clk 0:14:53]} Kh8 {[%clk 0:15:49]} 25. Qxc7 {[%clk 0:14:54]} Rxe3
{[%clk 0:15:21]} 26. Qxb7 {[%clk 0:14:55]} Rae8 {[%clk 0:14:39]} 27. Rad1
{[%clk 0:14:25]} Qh4 {[%clk 0:13:40]} 28. Qd7 {[%clk 0:14:12]} Qe4
{[%clk 0:11:30]} 29. Rd4 {[%clk 0:12:48]} Rxh3+ {[%clk 0:11:15]} 30. Qxh3
{[%clk 0:12:09]} Qxd4 {[%clk 0:11:41]} 31. Qh5 {[%clk 0:12:09]} Re5
{[%clk 0:08:27]} 32. Qg6 {[%clk 0:11:08]} Qc5 {[%clk 0:07:21]} 33. g4
{[%clk 0:08:55]} Qe7 {[%clk 0:05:42]} 34. Rc1 {[%clk 0:07:03]} Qh4+
{[%clk 0:05:24]} 35. Kg1 {[%clk 0:07:12]} Qg3+ {[%clk 0:05:35]} 36. Kh1
{[%clk 0:07:30]} Qf3+ {[%clk 0:05:59]} 37. Kg1 {[%clk 0:07:53]} Qe3+
{[%clk 0:06:23]} 0-1

[Event "polanica2018-C"]
[Site "?"]
[Date "2018.08.23"]
[Round "6.10"]
[White "Rudecki, Bartosz"]
[Black "Szydelko, Michal"]
[Result "1-0"]
[BlackElo "1642"]
[WhiteElo "1810"]
[LiveChessVersion "1.4.8"]

1. e4 {[%clk 1:29:09]} e5 {[%clk 1:30:52]} 2. Nc3 {[%clk 1:29:28]} Nf6
{[%clk 1:31:07]} 3. Bc4 {[%clk 1:28:45]} Bb4 {[%clk 1:31:21]} 4. d3
{[%clk 1:27:14]} d5 {[%clk 1:28:37]} 5. exd5 {[%clk 1:27:00]} Nxd5
{[%clk 1:29:00]} 6. Bd2 {[%clk 1:26:17]} Be6 {[%clk 1:28:29]} 7. Qf3
{[%clk 1:22:25]} c6 {[%clk 1:27:59]} 8. Qg3 {[%clk 1:19:51]} O-O {[%clk 1:09:17]}
9. Nge2 {[%clk 1:15:16]} Nd7 {[%clk 1:06:24]} 10. O-O {[%clk 1:12:15]} Bxc3
{[%clk 1:03:59]} 11. bxc3 {[%clk 1:10:38]} Qf6 {[%clk 0:36:06]} 12. f4
{[%clk 1:05:39]} exf4 {[%clk 0:30:48]} 13. Nxf4 {[%clk 1:05:10]} Nxf4
{[%clk 0:25:01]} 14. Rxf4 {[%clk 1:04:53]} Qg6 {[%clk 0:24:29]} 15. Bxe6
{[%clk 1:02:30]} fxe6 {[%clk 0:16:48]} 16. Rg4 {[%clk 1:01:12]} Qf6
{[%clk 0:16:56]} 17. Re1 {[%clk 1:00:36]} e5 {[%clk 0:14:57]} 18. d4
{[%clk 0:55:02]} exd4 {[%clk 0:07:54]} 19. Bg5 {[%clk 0:54:35]} Qg6
{[%clk 0:05:50]} 20. Be7 {[%clk 0:54:42]} Qf7 {[%clk 0:06:17]} 21. Bxf8
{[%clk 0:55:00]} Rxf8 {[%clk 0:06:45]} 22. cxd4 {[%clk 0:54:42]} Nf6
{[%clk 0:06:40]} 23. Rf1 {[%clk 0:54:12]} Qd7 {[%clk 0:06:11]} 24. Rgf4
{[%clk 0:54:22]} Qe6 {[%clk 0:03:07]} 25. h3 {[%clk 0:54:19]} Kh8
{[%clk 0:03:01]} 26. Re1 {[%clk 0:52:48]} Qxa2 {[%clk 0:01:32]} 27. Re7
{[%clk 0:52:41]} Rg8 {[%clk 0:01:56]} 28. Rxf6 {[%clk 0:46:02]} gxf6
{[%clk 0:02:00]} 29. Qh4 {[%clk 0:46:21]} Rxg2+ {[%clk 0:00:54]} 30. Kxg2
{[%clk 0:46:44]} Qxc2+ {[%clk 0:01:18]} 31. Qf2 {[%clk 0:46:49]} Qg6+
{[%clk 0:01:34]} 32. Kh2 {[%clk 0:46:56]} 1-0